<?xml version="1.0" encoding="UTF-8"?><?xml-stylesheet type="text/xsl" href="static/style.xsl"?><OAI-PMH xmlns="http://www.openarchives.org/OAI/2.0/" xmlns:xsi="http://www.w3.org/2001/XMLSchema-instance" xsi:schemaLocation="http://www.openarchives.org/OAI/2.0/ http://www.openarchives.org/OAI/2.0/OAI-PMH.xsd"><responseDate>2026-04-27T13:52:27Z</responseDate><request verb="GetRecord" identifier="oai:uvadoc.uva.es:10324/33724" metadataPrefix="marc">https://uvadoc.uva.es/oai/request</request><GetRecord><record><header><identifier>oai:uvadoc.uva.es:10324/33724</identifier><datestamp>2025-03-26T19:45:13Z</datestamp><setSpec>com_10324_28447</setSpec><setSpec>com_10324_5186</setSpec><setSpec>com_10324_29291</setSpec><setSpec>col_10324_33710</setSpec></header><metadata><record xmlns="http://www.loc.gov/MARC21/slim" xmlns:doc="http://www.lyncode.com/xoai" xmlns:xsi="http://www.w3.org/2001/XMLSchema-instance" xmlns:dcterms="http://purl.org/dc/terms/" xsi:schemaLocation="http://www.loc.gov/MARC21/slim http://www.loc.gov/standards/marcxml/schema/MARC21slim.xsd">
<leader>00925njm 22002777a 4500</leader>
<datafield tag="042" ind1=" " ind2=" ">
<subfield code="a">dc</subfield>
</datafield>
<datafield tag="720" ind1=" " ind2=" ">
<subfield code="a">Fernández Rodríguez, Carmen María</subfield>
<subfield code="e">author</subfield>
</datafield>
<datafield tag="260" ind1=" " ind2=" ">
<subfield code="c">2018</subfield>
</datafield>
<datafield tag="520" ind1=" " ind2=" ">
<subfield code="a">One of the latest rediscoveries within the field of the Burney Studies is the oeuvre of Frances Burney’s half-sister, Sarah Harriet Burney, who also was a famous novelist during her lifetime. This paper focuses on two black characters in Geraldine Fauconberg (1808) and Traits of Nature (1812). By using a gender and postcolonial criticism, I analyze Sarah Harriet’s portrait of blackness and how this author approached the marginalization of the blacks in early nineteenth-century Britain, which is closely related to the oppression suffered by the heroines in her works.</subfield>
</datafield>
<datafield tag="024" ind2=" " ind1="8">
<subfield code="a">ES Review. Spanish Journal of English Studies; No 39 (2018) pags. 97-115</subfield>
</datafield>
<datafield tag="024" ind2=" " ind1="8">
<subfield code="a">2531-1654</subfield>
</datafield>
<datafield tag="024" ind2=" " ind1="8">
<subfield code="a">2531-1646</subfield>
</datafield>
<datafield tag="024" ind2=" " ind1="8">
<subfield code="a">http://uvadoc.uva.es/handle/10324/33724</subfield>
</datafield>
<datafield tag="024" ind2=" " ind1="8">
<subfield code="a">10.24197/ersjes.39.2018.97-115</subfield>
</datafield>
<datafield tag="024" ind2=" " ind1="8">
<subfield code="a">97</subfield>
</datafield>
<datafield tag="024" ind2=" " ind1="8">
<subfield code="a">39</subfield>
</datafield>
<datafield tag="024" ind2=" " ind1="8">
<subfield code="a">115</subfield>
</datafield>
<datafield tag="245" ind1="0" ind2="0">
<subfield code="a">Blackness and Identity in Sarah Harriet Burney’s Geraldine Fauconberg (1808) and Traits of Nature (1812)</subfield>
</datafield>
</record></metadata></record></GetRecord></OAI-PMH>